000 00816nam a22002777a 4500
001 BR9404587
003 BR-BrBNA
005 20230928094247.0
007 ta
008 230509b bl.||||| |||| 00| 0 por d
040 _aBR-BrBNA
_bpor
_cBiblioteca Nacional de Agricultura
041 _a(Por)
072 _aH20
_b1000
_b4110
090 _ 1000 BR9404587
100 1 _aRibeiro, J.G.B.
110 1 _aSecretaria Nacional de Defesa Agropecuaria, Brasilia, DF (Brasil). Secretaria de Defesa Sanitaria Vegetal
_99194
245 1 _aCampanha de erradicacao do cancro citrico
260 3 _aBrasilia, DF (Brasil):
_c1985.
300 _a32 p.
650 _aFruta Citrica
650 _aCancro Citrico
650 _aDoenca de Planta
650 _aErradicacao
909 _a202309
_bLucia
_c55
_dLucia Elande
942 _cBK
999 _c49712
_d49712